[Event "Elite POM"]
[Site "Montreal CAN"]
[Date "2012.10.08"]
[Round "7.10"]
[White "Pichette, Mickaelin"]
[Black "Wu, Qiyou"]
[Result "0-1"]
[WhiteElo "1894"]
[BlackElo "2041"]
[PlyCount "70"]
[GameId "2160767909444831"]
[EventDate "2012.10.05"]
[EventType "swiss"]
[EventRounds "7"]
[EventCountry "CAN"]
[SourceTitle "EXT 2022"]
[Source "ChessBase"]
[SourceDate "2021.10.06"]
[SourceVersion "1"]
[SourceVersionDate "2021.10.06"]
[SourceQuality "1"]

1. d4 d5 2. c4 e6 3. cxd5 exd5 4. Nc3 Nf6 5. Bg5 Be7 6. Qb3 c6 7. Nf3 Nbd7 8. e3 O-O 9. Bd3 Re8 10. Ne5 Nxe5 11. dxe5 Ng4 12. Bf4 Bf8 13. Qc2 g6 14. h4 Nxe5 15. Bxe5 Rxe5 16. h5 Qg5 17. hxg6 fxg6 18. O-O-O Qe7 19. e4 dxe4 20. Nxe4 Bf5 21. f4 Rxe4 22. g4 Bxg4 23. Bxe4 Bxd1 24. Rxd1 Re8 25. Bd3 Bg7 26. f5 gxf5 27. Bxf5 h6 28. Kb1 Rd8 29. Qb3+ Kh8 30. Rg1 Qc5 31. Rf1 Qe5 32. Bc2 a5 33. Rh1 b5 34. a4 bxa4 35. Qb7 Rb8 0-1

[Event "Elite POM"]
[Site "Montreal CAN"]
[Date "2012.10.08"]
[Round "7.11"]
[White "Nikulich, Oleksandr"]
[Black "Cardin, Guillaume"]
[Result "1/2-1/2"]
[WhiteElo "1825"]
[BlackElo "2021"]
[PlyCount "102"]
[GameId "2160767909444832"]
[EventDate "2012.10.05"]
[EventType "swiss"]
[EventRounds "7"]
[EventCountry "CAN"]
[SourceTitle "EXT 2022"]
[Source "ChessBase"]
[SourceDate "2021.10.06"]
[SourceVersion "1"]
[SourceVersionDate "2021.10.06"]
[SourceQuality "1"]

1. Nf3 c5 2. c4 g6 3. d4 cxd4 4. Nxd4 Nc6 5. e4 Nf6 6. f3 d6 7. Be3 Bg7 8. Qd2 Nxd4 9. Bxd4 O-O 10. Nc3 Be6 11. Be2 Qa5 12. O-O Rfc8 13. b3 a6 14. Rfd1 Rab8 15. a4 Kf8 16. Rac1 Qb4 17. Rb1 Qa5 18. Be3 Kg8 19. Bf1 h5 20. Bd4 h4 21. Nd5 Qxd2 22. Rxd2 Bxd5 23. exd5 Nd7 24. Re1 Re8 25. Bxg7 Kxg7 26. Rd4 g5 27. Rg4 f6 28. f4 Kg6 29. Bd3+ Kh5 30. Bf5 Nc5 31. Re3 b5 32. axb5 axb5 33. b4 Na6 34. fxg5 fxg5 35. Re6 Rf8 36. Bg6+ Kh6 37. Bd3+ Rf6 38. Rxe7 Kh5 39. h3 bxc4 40. Rh7+ Rh6 41. Rg7 Rf6 42. R7xg5+ Kh6 43. Bxc4 Nxb4 44. g3 Nc2 45. gxh4 Ne3 46. Re4 Rb1+ 47. Kh2 Rb2+ 48. Kh1 Nxc4 49. Rxc4 Rf1+ 50. Rg1 Rxg1+ 51. Kxg1 Rd2 1/2-1/2

[Event "Elite POM"]
[Site "Montreal CAN"]
[Date "2012.10.08"]
[Round "7.12"]
[White "Poulin, Mathieu"]
[Black "Cote-Lalumiere, Tristan"]
[Result "1/2-1/2"]
[WhiteElo "2039"]
[BlackElo "1840"]
[PlyCount "22"]
[GameId "2160767909444833"]
[EventDate "2012.10.05"]
[EventType "swiss"]
[EventRounds "7"]
[EventCountry "CAN"]
[SourceTitle "EXT 2022"]
[Source "ChessBase"]
[SourceDate "2021.10.06"]
[SourceVersion "1"]
[SourceVersionDate "2021.10.06"]
[SourceQuality "1"]

1. d4 Nf6 2. c4 c5 3. Nf3 g6 4. Nc3 cxd4 5. Nxd4 Bg7 6. e4 d6 7. Be2 O-O 8. Be3 Nc6 9. f3 a6 10. Qd2 Bd7 11. O-O Rb8 1/2-1/2

[Event "Elite POM"]
[Site "Montreal CAN"]
[Date "2012.10.08"]
[Round "7.13"]
[White "Rondon, Luciano"]
[Black "Zhou, Qiyu"]
[Result "0-1"]
[WhiteElo "2014"]
[BlackElo "1921"]
[PlyCount "29"]
[GameId "2160767909444834"]
[EventDate "2012.10.05"]
[EventType "swiss"]
[EventRounds "7"]
[EventCountry "CAN"]
[SourceTitle "EXT 2022"]
[Source "ChessBase"]
[SourceDate "2021.10.06"]
[SourceVersion "1"]
[SourceVersionDate "2021.10.06"]
[SourceQuality "1"]

1. d4 Nf6 2. c4 e6 3. Nf3 b6 4. g3 Ba6 5. Qc2 Bb4+ 6. Nbd2 O-O 7. Bg2 d5 8. Ne5 c5 9. dxc5 Bxc5 10. O-O Qc7 11. Nd3 Nbd7 12. Nxc5 Qxc5 13. Qa4 Bxc4 14. Nxc4 b5 15. Qa6 0-1

[Event "Fall op"]
[Site "Kitchener CAN"]
[Date "2012.09.15"]
[Round "1"]
[White "Birarov, Vladimir"]
[Black "Li, Yinshi"]
[Result "1-0"]
[WhiteElo "2294"]
[BlackElo "1983"]
[PlyCount "72"]
[GameId "2160767738791770"]
[EventDate "2012.09.15"]
[EventType "swiss"]
[EventRounds "5"]
[EventCountry "CAN"]

1. Nf3 d5 2. g3 Nf6 3. Bg2 e6 4. O-O Be7 5. d4 O-O 6. c4 c6 7. Nbd2 Nbd7 8. Qc2 Qc7 9. e4 Nxe4 10. Nxe4 dxe4 11. Qxe4 Nf6 12. Qc2 c5 13. Rd1 cxd4 14. Bf4 Qb6 15. Nxd4 Bd7 16. Qb3 Bc8 17. Qxb6 axb6 18. Nb5 Bc5 19. h3 h6 20. a3 Nd7 21. Bc7 Re8 22. Rd3 Be7 23. b4 Bf6 24. Re1 e5 25. Nd6 Re7 26. Nf5 Re8 27. Ne3 Nf8 28. Nd5 Bf5 29. Rf3 Be6 30. Nxb6 Ra7 31. Bxe5 Bxh3 32. Bc3 Rxe1+ 33. Bxe1 Bxg2 34. Kxg2 Ne6 35. Rd3 Kf8 36. Rd2 Ke7 {[errors in notation]  moves 0} 1-0

[Event "Fall op"]
[Site "Kitchener CAN"]
[Date "2012.09.15"]
[Round "1"]
[White "Cheng, Bindi"]
[Black "Cormier, Adam"]
[Result "1-0"]
[WhiteElo "2480"]
[BlackElo "2067"]
[PlyCount "69"]
[GameId "2160767738791771"]
[EventDate "2012.09.15"]
[EventType "swiss"]
[EventRounds "5"]
[EventCountry "CAN"]

1. d4 d5 2. c4 e6 3. Nf3 c6 4. Qc2 Nf6 5. g3 Nbd7 6. Bg2 Be7 7. O-O O-O 8. Nbd2 b6 9. e4 dxe4 10. Nxe4 Bb7 11. Rd1 Qc8 12. Nxf6+ Bxf6 13. Ng5 Bxg5 14. Bxg5 c5 15. d5 exd5 16. cxd5 Re8 17. a4 Ne5 18. h3 a6 19. Be3 a5 20. Ra3 Qd7 21. Rd2 Rad8 22. Rc3 Qd6 23. Bf4 Qf6 24. Rb3 g5 25. Bxg5 Qxg5 26. f4 Qf6 27. fxe5 Qxe5 28. Kh2 Rd6 29. Qc4 Red8 30. Rbd3 Bc8 31. Qb3 Qh5 32. Qc3 Rh6 33. h4 Rdd6 34. Re3 f6 35. Re7 {0} 1-0

[Event "Fall op"]
[Site "Kitchener CAN"]
[Date "2012.09.15"]
[Round "1"]
[White "Chernik, Dmitry"]
[Black "Song, Michael"]
[Result "0-1"]
[WhiteElo "1989"]
[BlackElo "2343"]
[PlyCount "110"]
[GameId "2160767738791772"]
[EventDate "2012.09.15"]
[EventType "swiss"]
[EventRounds "5"]
[EventCountry "CAN"]

1. e4 c5 2. Nc3 Nc6 3. f4 e6 4. Bb5 Nd4 5. d3 Nxb5 6. Nxb5 d5 7. c4 d4 8. Nf3 f5 9. Qe2 a6 10. Na3 Be7 11. Bd2 Nf6 12. e5 Ng8 13. Rb1 Nh6 14. O-O O-O 15. b4 b6 16. Qe1 Bd7 17. bxc5 bxc5 18. Ba5 Qe8 19. h3 Nf7 20. Bc7 Qc8 21. Qa5 Bc6 22. Rf2 Kh8 23. Rfb2 Rg8 24. Rb8 Qd7 25. Rxg8+ Rxg8 26. Rb8 Bf8 27. Ng5 Nxg5 28. fxg5 Be7 29. Rxg8+ Kxg8 30. h4 Bb7 31. Qb6 Qc6 32. Qxc6 Bxc6 33. Kf2 Kf7 34. Nb1 Ba4 35. Nd2 Ke8 36. Ke2 Kd7 37. Ba5 h6 38. gxh6 gxh6 39. g3 Bf8 40. Bb6 Kc6 41. Ba5 Kd7 42. Bb6 Kc6 43. Ba5 Kb7 44. Nf3 Bc6 45. Ng1 Bg7 46. Bd2 Bxe5 47. Bxh6 Bxg3 48. Bg5 Be8 49. Kf3 Bd6 50. Nh3 Bh5+ 51. Kf2 e5 52. a3 Kc6 53. a4 Bg4 54. Kg3 e4+ 55. Bf4 exd3 {0} 0-1

[Event "Fall op"]
[Site "Kitchener CAN"]
[Date "2012.09.15"]
[Round "1"]
[White "Ferreira, Alex"]
[Black "Sapozhnikov, Roman"]
[Result "1-0"]
[WhiteElo "2051"]
[BlackElo "2461"]
[PlyCount "66"]
[GameId "2160767738791773"]
[EventDate "2012.09.15"]
[EventType "swiss"]
[EventRounds "5"]
[EventCountry "CAN"]

1. e4 c5 2. Nf3 e6 3. d4 cxd4 4. Nxd4 Nc6 5. Nb3 Nf6 6. Bd3 d5 7. Nc3 Bb4 8. Bd2 Bxc3 9. Bxc3 dxe4 10. Bxf6 Qxf6 11. Bxe4 Qxb2 12. O-O O-O 13. Qh5 g6 14. Qb5 Nd4 15. Qc4 Nf5 16. Qc7 Qa3 17. Nc5 Nd4 18. Nxb7 Bxb7 {Rab8} 19. c4 Ne2+ 20. Kh1 Nc3 21. Rac1 Nxa2 22. Ra1 Qd3 23. c5 Nc3 24. c6 {Rbe8 Rfc1} Nxe4 25. Kg1 Qd2 {Rf1 Nc5} 26. Rxa7 Qb4 27. Qa5 Qxa5 28. Rxa5 {Nxb7 cxb7 Rb8 Rb1} Rfd8 {Kf1 Kf8 Ke2 Ke7 Ke3 Rd7} 29. Rb5 h5 30. h4 Rd6 31. f3 f6 {R1b4 e5} 32. Rb6 Rd7 {Ke4 Rd2} 33. g3 {Rd7 g4} Kf7 {gxh5 gxh5 Kf5 Kg7 Ke6 Rf7 Kd6 Kg6 Kc6 f5 Kd5 Kg7 Kxe5 Rc7 R4b5 Rf7 Kf4 Kf8 Rxf5 0} 1-0

[Event "Fall op"]
[Site "Kitchener CAN"]
[Date "2012.09.15"]
[Round "1"]
[White "Jung, Hans"]
[Black "Khayutin, Constantine"]
[Result "1-0"]
[WhiteElo "2284"]
[BlackElo "1959"]
[PlyCount "103"]
[GameId "2160767738791774"]
[EventDate "2012.09.15"]
[EventType "swiss"]
[EventRounds "5"]
[EventCountry "CAN"]

1. Nc3 d5 2. e4 d4 3. Nce2 c5 4. Ng3 Nc6 5. Nf3 g6 6. Bc4 Bg4 7. Bxf7+ Kxf7 8. Ng5+ Ke8 9. Qxg4 Nb4 10. O-O Nxc2 11. Rb1 Qc8 12. Qf3 Nh6 13. a3 Qg4 14. Qb3 Qxg5 15. Qxb7 Rd8 16. d3 Qe5 17. Qb3 Ng4 18. Qxc2 h5 19. Qa4+ Rd7 20. f4 Qc7 21. e5 e6 22. Qa6 Qb6 23. Qc4 h4 24. Ne4 h3 25. Nd6+ Bxd6 26. Qxe6+ Be7 27. Qxg4 Rh4 28. Qe2 Qe6 29. g3 Rg4 30. b3 Qf5 31. Bd2 Bh4 32. Be1 Rf7 33. Qf3 Kf8 34. Bd2 Kg7 35. b4 Bxg3 36. hxg3 h2+ 37. Kxh2 Qh5+ 38. Kg2 cxb4 39. Rxb4 Rc7 40. Rb7 Rxg3+ 41. Kxg3 Qxf3+ 42. Kxf3 Rxb7 43. Ke4 Rb3 44. Bb4 a5 45. Bxa5 Rxa3 46. Bb6 Kf7 47. Bxd4 Ke6 48. Rg1 Kf7 49. Kd5 Rxd3 50. e6+ Ke7 51. Rxg6 Rf3 52. Ke4 {0} 1-0

[Event "Fall op"]
[Site "Kitchener CAN"]
[Date "2012.09.15"]
[Round "1"]
[White "Krnan, Tomas"]
[Black "Zybura, Andre"]
[Result "1-0"]
[WhiteElo "2562"]
[BlackElo "2079"]
[PlyCount "55"]
[GameId "2160767909445121"]
[EventDate "2012.09.15"]
[EventType "swiss"]
[EventRounds "5"]
[EventCountry "CAN"]

1. e4 e5 2. Nf3 Nf6 3. Nxe5 Nxe4 4. Qe2 Qe7 5. Qxe4 d6 6. d4 dxe5 7. dxe5 Nc6 8. Bf4 g5 9. Bd2 f5 10. Qe2 Rg8 11. Nc3 Be6 12. O-O-O O-O-O 13. f4 Nd4 14. Qf2 gxf4 15. Bxf4 Qb4 16. Be3 Bc5 17. Kb1 f4 18. Qxf4 Rgf8 19. Qh6 Bg4 20. a3 Qa5 21. Rxd4 Bxd4 22. Bxd4 c5 23. Be3 Qc7 24. e6 Qe5 25. Bc4 Rf6 26. Qg5 Qf5 27. Qxf5 Bxf5 28. e7 1-0

[Event "Fall op"]
[Site "Kitchener CAN"]
[Date "2012.09.15"]
[Round "1"]
[White "Li, Hongyi (Tony)"]
[Black "Preotu, Razvan"]
[Result "0-1"]
[WhiteElo "1974"]
[BlackElo "2293"]
[PlyCount "26"]
[GameId "2160767738791775"]
[EventDate "2012.09.15"]
[EventType "swiss"]
[EventRounds "5"]
[EventCountry "CAN"]

1. e4 e5 2. Nf3 Nc6 3. d4 {cxd4} Nxd4 {Nf6} 4. Nc3 {e5} Nb5 {d6} 5. Bg5 a6 {Na3 b5} 6. Bf6 gxf6 7. Nd5 f5 8. c3 Bg7 9. Bd3 {Be6 0-0 0-0 Nc2 Rc8 Qh5} fxe4 10. Bxe4 f5 {Qh3 Qe8 Bf3 f4 Bh5 Bxh3 Bxe8 Rcxe8 gxh3 Rf7 f3 e4 fxe4 Rxe4 Rae1 Rxe1 Nxe1} 11. b4 {Nd3 bxc3 bxc3 f3 Rb1 Rf5 N3b4} Kf7 {Nxc6 Rxd5 Rb7 Kf8 Rb8 Kf7 Rb7 Kf6} 12. Nd4 Kg6 13. Ne6 {Be5 h4 Kf5 Ng5 Rd3 Rxh7 Bxc3 Rf7 Kg4 Ne6 Bd2 h3 Kg3 Rg7 Kxh4 Kf2 Be3 Kxf3} Bh6 {Ke4 Re3 Kd5 Re5 Kxd6 Rxe6 Kxe6 Bxg7 Kd5 Bc3 Kc4 Be1 Kc5 Kxh3 Kb6 a5 Kb5 Kg4 Ka4 Kf3 Kb3 Ke4 Kc4 Bb4 Kb3 Kd3 Kb2 Kc4 Kc2 Bc3 Kc1 Kb4} 0-1

[Event "Fall op"]
[Site "Kitchener CAN"]
[Date "2012.09.15"]
[Round "1"]
[White "Plotkin, Mark"]
[Black "Sambuev, Bator"]
[Result "0-1"]
[WhiteElo "2103"]
[BlackElo "2689"]
[PlyCount "106"]
[GameId "2160767909445122"]
[EventDate "2012.09.15"]
[EventType "swiss"]
[EventRounds "5"]
[EventCountry "CAN"]

1. e4 e6 2. d4 d5 3. Nc3 Bb4 4. exd5 exd5 5. Bd3 Nc6 6. Nge2 Nge7 7. O-O Bf5 8. Ng3 Bg6 9. Bg5 Qd7 10. Nce2 Bd6 11. c3 O-O-O 12. b4 Rde8 13. a4 f6 14. Bf4 h5 15. Bxd6 Qxd6 16. Bxg6 Nxg6 17. Qd3 Nce7 18. Nf5 Qd7 19. Nxe7+ Nxe7 20. Nf4 Qg4 21. Qg3 g5 22. Qxg4+ hxg4 23. Nd3 Nf5 24. Rfe1 Nd6 25. f3 gxf3 26. gxf3 Reg8 27. Nf2 Rh4 28. Ng4 Ne4 29. Nh6 Rxh6 30. fxe4 Rgh8 31. exd5 Rxh2 32. Re8+ Rxe8 33. Kxh2 Re2+ 34. Kg3 Re3+ 35. Kg4 Rxc3 36. Kf5 Kd7 37. Kxf6 Kd6 38. Kxg5 Kxd5 39. Kf5 a6 40. Kf6 Rb3 41. b5 axb5 42. axb5 Rxb5 43. Rc1 c6 44. Ke7 Kxd4 45. Kd6 Rd5+ 46. Kc7 c5 47. Rd1+ Kc4 48. Rc1+ Kb4 49. Rb1+ Kc3 50. Kxb7 c4 51. Kc6 Rh5 52. Rg1 Kb3 53. Rg3+ c3 0-1

[Event "Fall op"]
[Site "Kitchener CAN"]
[Date "2012.09.15"]
[Round "1"]
[White "Plotkin, Victor"]
[Black "Deatrick, Alexander"]
[Result "1/2-1/2"]
[WhiteElo "2354"]
[BlackElo "1885"]
[PlyCount "98"]
[GameId "2160767909445123"]
[EventDate "2012.09.15"]
[EventType "swiss"]
[EventRounds "5"]
[EventCountry "CAN"]

1. e4 d6 2. d4 Nf6 3. Nc3 c6 4. f4 Qa5 5. Bd3 e5 6. Nf3 Bg4 7. dxe5 dxe5 8. fxe5 Nfd7 9. Bf4 Bb4 10. O-O O-O 11. Qe1 Bxf3 12. gxf3 Nxe5 13. Qg3 Nbd7 14. Ne2 Bd2 15. Kh1 f6 16. Rg1 Rf7 17. Rad1 Bxf4 18. Nxf4 Qc5 19. Ne6 Qe7 20. Nd4 g6 21. Be2 Rg7 22. f4 Nf7 23. Bf3 Nd6 24. Rge1 Re8 25. Re2 c5 26. Nb3 b6 27. Qg2 Nf8 28. e5 fxe5 29. Rxe5 Ne6 30. Bd5 Qf6 31. Rde1 Rge7 32. Qh3 Nf5 33. Nd2 Kg7 34. Ne4 Qf8 35. Bxe6 Rxe6 36. Ng5 Rxe5 37. fxe5 h6 38. Nf3 Qf7 39. Qg4 Qd5 40. Rg1 Nh4 41. Rf1 Rf8 42. Qxh4 Rxf3 43. Rxf3 Qxf3+ 44. Kg1 Qe3+ 45. Kg2 Qe2+ 46. Kg1 Qxe5 47. c3 g5 48. Qf2 Qf4 49. Qe2 Qf6 1/2-1/2

[Event "Fall op"]
[Site "Kitchener CAN"]
[Date "2012.09.15"]
[Round "1"]
[White "Yu, Jonathan"]
[Black "Samsonkin, Artiom"]
[Result "0-1"]
[WhiteElo "2069"]
[BlackElo "2552"]
[PlyCount "108"]
[GameId "2160767738791776"]
[EventDate "2012.09.15"]
[EventType "swiss"]
[EventRounds "5"]
[EventCountry "CAN"]

1. e4 e6 2. d4 d5 3. Nc3 Bb4 4. e5 c5 5. a3 Ba5 6. b4 cxd4 7. Nb5 Bc7 8. f4 Bd7 9. Qg4 g6 10. Nf3 a6 11. Nbxd4 Nc6 12. Bd3 Nge7 13. Bb2 Bb6 14. Qh4 h6 15. Qf6 Rg8 16. O-O-O Qb8 17. g4 Qa7 18. Kb1 Nxd4 19. Nxd4 Bxd4 20. Bxd4 Qxd4 21. Bxg6 Qxd1+ 22. Rxd1 Rxg6 23. Qh4 Rc8 24. h3 Ba4 25. Rd2 Rc4 26. Qf2 Kd7 27. Qb6 Bc6 28. Qf2 Rg8 29. f5 Rg5 30. fxe6+ fxe6 31. Qf6 Rg6 32. Qf3 Ba4 33. Qd3 Bb5 34. Qf3 Rg8 35. Qe3 Rgc8 36. Qxh6 Rxc2 37. Rxc2 Bd3 38. Qe3 Bxc2+ 39. Kb2 Be4 40. Qb6 Nc6 41. Qxb7+ Rc7 42. Qxa6 Nxe5 43. Qb5+ Ke7 44. Qb8 Kd7 45. Qb5+ Nc6 46. g5 d4 47. Qc5 Kc8 48. Qf8+ Kb7 49. Qf6 d3 50. Qxe6 d2 51. Qd6 Ne5 52. Qd4 Nd3+ 53. Ka2 Rc2+ 54. Kb3 d1=Q {0} 0-1

[Event "Fall op"]
[Site "Kitchener CAN"]
[Date "2012.09.15"]
[Round "2"]
[White "Cormier, Adam"]
[Black "Plotkin, Mark"]
[Result "0-1"]
[WhiteElo "2067"]
[BlackElo "2103"]
[PlyCount "48"]
[GameId "2160767909445124"]
[EventDate "2012.09.15"]
[EventType "swiss"]
[EventRounds "5"]
[EventCountry "CAN"]

1. d4 Nf6 2. c4 g6 3. g3 Bg7 4. Bg2 d5 5. cxd5 Nxd5 6. Nf3 O-O 7. O-O Nb6 8. e4 Bg4 9. e5 Nc6 10. Be3 Nc4 11. Nc3 Qd7 12. Na4 Rad8 13. Rc1 b5 14. Nc5 Qf5 15. Nh4 Qh5 16. Qe1 Nxd4 17. f3 Bc8 18. Bxd4 Rxd4 19. f4 Rfd8 20. Bc6 Bh3 21. Nf3 Bxf1 22. Nxd4 Rxd4 23. Qxf1 Rd2 24. h4 Ne3 0-1

[Event "Fall op"]
[Site "Kitchener CAN"]
[Date "2012.09.15"]
[Round "2"]
[White "Deatrick, Alexander"]
[Black "Ferreira, Alex"]
[Result "1-0"]
[WhiteElo "1885"]
[BlackElo "2051"]
[PlyCount "85"]
[GameId "2160767909445125"]
[EventDate "2012.09.15"]
[EventType "swiss"]
[EventRounds "5"]
[EventCountry "CAN"]

1. Nf3 d5 2. g3 c6 3. Bg2 Nf6 4. O-O Bf5 5. b3 e6 6. Bb2 Be7 7. c4 O-O 8. d4 Nbd7 9. Nbd2 Ne4 10. Ne1 Qa5 11. Nxe4 dxe4 12. Nc2 Rad8 13. Ne3 Bg6 14. Qc2 Nf6 15. a3 Rd7 16. b4 Qc7 17. Qb3 Rfd8 18. Rfd1 h5 19. Rac1 Ng4 20. Nxg4 hxg4 21. Qe3 e5 22. Bxe4 exd4 23. Rxd4 f5 24. Rxd7 Qxd7 25. Bd3 Re8 26. Qxa7 Bg5 27. Ra1 Re7 28. Qd4 Qe8 29. Qc5 Rf7 30. a4 Be7 31. Qe5 Qd8 32. Qe6 Kh7 33. c5 Bg5 34. a5 Re7 35. Qc4 Rd7 36. Qc2 Kh6 37. a6 Bf6 38. a7 Bxb2 39. a8=Q Qf6 40. Qh8+ Bh7 41. Bxf5 g6 42. Qxb2 Qxf5 43. Qbf6 1-0

[Event "Fall op"]
[Site "Kitchener CAN"]
[Date "2012.09.15"]
[Round "2"]
[White "Preotu, Razvan"]
[Black "Cheng, Bindi"]
[Result "1-0"]
[WhiteElo "2293"]
[BlackElo "2480"]
[PlyCount "109"]
[GameId "2160767909445126"]
[EventDate "2012.09.15"]
[EventType "swiss"]
[EventRounds "5"]
[EventCountry "CAN"]

1. e4 c5 2. Nf3 d6 3. d4 cxd4 4. Nxd4 Nf6 5. Nc3 a6 6. Be3 e6 7. f3 b5 8. Qd2 Nbd7 9. g4 h6 10. O-O-O Bb7 11. h4 b4 12. Na4 Qa5 13. b3 Nc5 14. a3 Nxa4 15. axb4 Qc7 16. bxa4 Nd7 17. Kb2 Ne5 18. Qc3 Qd7 19. Qb3 Be7 20. Be2 Rb8 21. c3 Qc7 22. g5 h5 23. Bf4 Rc8 24. Bxe5 dxe5 25. Nc2 Qb6 26. Rd2 g6 27. Rhd1 O-O 28. a5 Qc6 29. Rd7 Rc7 30. Rxc7 Qxc7 31. Qc4 Rc8 32. Qxc7 Rxc7 33. c4 f6 34. gxf6 Bxf6 35. Rd6 Kf7 36. c5 g5 37. hxg5 Bxg5 38. Bxa6 Bxa6 39. Rxa6 h4 40. Ra8 Bh6 41. Rd8 h3 42. Rd1 Bf4 43. a6 h2 44. Kb3 Ke8 45. Na3 Rg7 46. Rh1 Kd8 47. Nb5 Kd7 48. a7 Rg8 49. Ka4 Kc6 50. Ka5 Kb7 51. Rd1 Bd2 52. Rxd2 h1=Q 53. Rd7+ Ka8 54. Kb6 Rc8 55. Rd8 1-0

[Event "Fall op"]
[Site "Kitchener CAN"]
[Date "2012.09.15"]
[Round "2"]
[White "Sambuev, Bator"]
[Black "Birarov, Vladimir"]
[Result "1-0"]
[WhiteElo "2689"]
[BlackElo "2294"]
[PlyCount "105"]
[GameId "2160767909445127"]
[EventDate "2012.09.15"]
[EventType "swiss"]
[EventRounds "5"]
[EventCountry "CAN"]

1. d4 Nf6 2. Nf3 e6 3. e3 b6 4. Bd3 Bb7 5. O-O Be7 6. b3 O-O 7. Bb2 Ne4 8. c4 d6 9. Qc2 f5 10. d5 e5 11. Ne1 Bc8 12. f4 exf4 13. exf4 Bf6 14. Nf3 Na6 15. Be2 Nb4 16. Qc1 Re8 17. Re1 Bd7 18. Nc3 a5 19. Bf1 Nc5 20. Qd2 a4 21. Rxe8+ Bxe8 22. bxa4 Bxa4 23. Nxa4 Rxa4 24. Nd4 Qd7 25. Ne6 Bxb2 26. Qxb2 Nxe6 27. dxe6 Qxe6 28. Qb3 b5 29. Rb1 h6 30. cxb5 Qxb3 31. axb3 Ra2 32. Rc1 Rc2 33. Rd1 Kf8 34. Rd4 Na2 35. b6 cxb6 36. Rxd6 Nc1 37. Bc4 Ke7 38. Re6+ Kf8 39. Re5 g6 40. Kf1 Rb2 41. Rb5 Na2 42. Rxb6 Kg7 43. Rb7+ Kf8 44. Rf7+ Ke8 45. Rf6 Nc3 46. Rxg6 Ne4 47. Rxh6 Rb1+ 48. Ke2 Rb2+ 49. Ke3 Rxg2 50. Kd4 Nd2 51. Bd5 Re2 52. b4 Ne4 53. b5 1-0

[Event "Fall op"]
[Site "Kitchener CAN"]
[Date "2012.09.15"]
[Round "2"]
[White "Samsonkin, Artiom"]
[Black "Jung, Hans"]
[Result "0-1"]
[WhiteElo "2552"]
[BlackElo "2284"]
[PlyCount "70"]
[GameId "2160767909445128"]
[EventDate "2012.09.15"]
[EventType "swiss"]
[EventRounds "5"]
[EventCountry "CAN"]

1. e4 e6 2. d4 d5 3. Nd2 Nf6 4. e5 Nfd7 5. f4 c5 6. c3 Nc6 7. Ndf3 c4 8. b3 b5 9. a4 Na5 10. Nd2 b4 11. Bb2 cxb3 12. c4 dxc4 13. Nxc4 Bb7 14. Nf3 Rc8 15. Nxa5 Qxa5 16. Nd2 Qd5 17. Rc1 Rxc1 18. Qxc1 Be7 19. Rg1 O-O 20. Bc4 Qa5 21. Qa1 Nb6 22. Bxb3 Bd5 23. Bxd5 Nxd5 24. Nb3 Qa6 25. Kf2 Nxf4 26. Qf1 Qxa4 27. Qd1 Qa2 28. Kf3 Qxb2 29. Kxf4 Qf2+ 30. Ke4 Bg5 31. Kd3 Qe3+ 32. Kc2 Rc8+ 33. Kb2 Qf2+ 34. Kb1 Rc3 35. Rh1 a5 0-1

[Event "Fall op"]
[Site "Kitchener CAN"]
[Date "2012.09.15"]
[Round "2"]
[White "Sapozhnikov, Roman"]
[Black "Chernik, Dmitry"]
[Result "1-0"]
[WhiteElo "2461"]
[BlackElo "1989"]
[PlyCount "51"]
[GameId "2160767909445129"]
[EventDate "2012.09.15"]
[EventType "swiss"]
[EventRounds "5"]
[EventCountry "CAN"]

1. e4 d6 2. d4 Nf6 3. Nc3 e5 4. Nf3 Nbd7 5. Bc4 Be7 6. O-O O-O 7. a4 a5 8. Re1 c6 9. h3 Qc7 10. Ba2 h6 11. Nh4 exd4 12. Nf5 Nc5 13. Nxe7+ Qxe7 14. Qxd4 Be6 15. Bf4 Rfd8 16. e5 Nh5 17. Bh2 Bxa2 18. exd6 Ne6 19. Qe5 Qg5 20. Nxa2 Qxe5 21. Rxe5 Nhf4 22. Rd1 Rd7 23. Nc3 Rad8 24. Ne4 b6 25. Kf1 g6 26. Nf6+ 1-0

[Event "Fall op"]
[Site "Kitchener CAN"]
[Date "2012.09.15"]
[Round "2"]
[White "Song, Michael"]
[Black "Krnan, Tomas"]
[Result "0-1"]
[WhiteElo "2343"]
[BlackElo "2562"]
[PlyCount "80"]
[GameId "2160767909445130"]
[EventDate "2012.09.15"]
[EventType "swiss"]
[EventRounds "5"]
[EventCountry "CAN"]

1. d4 g6 2. Nf3 Bg7 3. g3 Nf6 4. c4 d6 5. Bg2 O-O 6. Nc3 c6 7. O-O Bf5 8. Nh4 Be6 9. d5 cxd5 10. cxd5 Bd7 11. Be3 b5 12. a3 Na6 13. Bd4 Nc7 14. e4 a5 15. b4 e5 16. Bb6 axb4 17. axb4 Qb8 18. Be3 Ng4 19. Bd2 Rxa1 20. Qxa1 f5 21. Qa5 Qb7 22. Qa2 f4 23. h3 Nh6 24. g4 Nf7 25. Nf3 Bf6 26. Ra1 Ra8 27. Qb1 Rb8 28. Be1 h5 29. Nh2 hxg4 30. hxg4 Bh4 31. Ra2 Kg7 32. f3 Qb6+ 33. Bf2 Bxf2+ 34. Rxf2 Na6 35. Qb2 Rh8 36. Na2 Ng5 37. Qd2 Nc7 38. Bf1 Ne8 39. Kh1 Bxg4 40. Qe2 Nxe4 0-1

[Event "Fall op"]
[Site "Kitchener CAN"]
[Date "2012.09.15"]
[Round "2"]
[White "Zhang, Yuanchen"]
[Black "Plotkin, Victor"]
[Result "1/2-1/2"]
[WhiteElo "2021"]
[BlackElo "2354"]
[PlyCount "82"]
[GameId "2160767909445131"]
[EventDate "2012.09.15"]
[EventType "swiss"]
[EventRounds "5"]
[EventCountry "CAN"]

1. d4 Nf6 2. c4 e6 3. Nc3 d5 4. Bg5 Be7 5. e3 O-O 6. Nf3 a6 7. cxd5 Nxd5 8. Bxe7 Qxe7 9. Rc1 c6 10. Bd3 Nd7 11. Nxd5 exd5 12. O-O Nf6 13. Ne5 Ne4 14. Qc2 g6 15. Bxe4 dxe4 16. Qc5 Qxc5 17. Rxc5 Be6 18. Nc4 Rad8 19. a4 Bxc4 20. Rxc4 Rd5 21. Rfc1 Rfd8 22. Rc5 Kf8 23. Kf1 Ke7 24. Ke2 Ke6 25. Kd2 f5 26. b4 R8d7 27. a5 Rf7 28. g3 g5 29. Rxd5 cxd5 30. Rc8 Kd6 31. Rg8 g4 32. Rg5 Ke6 33. Rh5 Rc7 34. Rh6+ Kd7 35. Rxh7+ Kc6 36. Rxc7+ Kxc7 37. Kc3 Kc6 38. Kb2 b6 39. axb6 Kxb6 40. Ka3 Kb5 41. Kb3 a5 1/2-1/2

[Event "Fall op"]
[Site "Kitchener CAN"]
[Date "2012.09.15"]
[Round "2"]
[White "Zybura, Andre"]
[Black "Li, Hongyi (Tony)"]
[Result "1-0"]
[WhiteElo "2079"]
[BlackElo "1974"]
[PlyCount "45"]
[GameId "2160767909445132"]
[EventDate "2012.09.15"]
[EventType "swiss"]
[EventRounds "5"]
[EventCountry "CAN"]

1. e4 c5 2. d4 cxd4 3. c3 d5 4. exd5 Qxd5 5. cxd4 Nc6 6. Nf3 Bg4 7. Be2 e6 8. Nc3 Qh5 9. O-O Bd6 10. h3 Bxf3 11. Bxf3 Qa5 12. d5 Ne5 13. dxe6 O-O-O 14. Qd5 Nxf3+ 15. Qxf3 Qe5 16. g3 Qxe6 17. Nb5 a6 18. Nxd6+ Rxd6 19. Bf4 Rc6 20. Rfe1 Qf6 21. Qg4+ Re6 22. Rac1+ Kd8 23. Red1+ 1-0

[Event "Fall op"]
[Site "Kitchener CAN"]
[Date "2012.09.15"]
[Round "3"]
[White "Birarov, Vladimir"]
[Black "Zhang, Yuanchen"]
[Result "1/2-1/2"]
[WhiteElo "2294"]
[BlackElo "2021"]
[PlyCount "71"]
[GameId "2160767909445133"]
[EventDate "2012.09.15"]
[EventType "swiss"]
[EventRounds "5"]
[EventCountry "CAN"]

1. Nf3 Nf6 2. g3 b6 3. Bg2 Bb7 4. O-O e6 5. d3 d5 6. Nbd2 Nbd7 7. Re1 Bd6 8. e4 dxe4 9. dxe4 e5 10. Nc4 Qe7 11. Nh4 g6 12. Bh6 O-O-O 13. Nxd6+ Qxd6 14. Qxd6 cxd6 15. Rad1 Kc7 16. b4 Ne8 17. Nf3 Ndf6 18. Nh4 Ng8 19. Bg5 f6 20. Be3 Ne7 21. c4 Ng7 22. c5 dxc5 23. bxc5 Rxd1 24. Rxd1 a5 25. Bh3 Bc8 26. Bxc8 Rxc8 27. Ng2 Ne6 28. Rd6 Nxc5 29. Rxf6 Rd8 30. f3 Rd1+ 31. Kf2 Ra1 32. Bg5 Rxa2+ 33. Kg1 Ra1+ 34. Kf2 Ra2+ 35. Kg1 Ra1+ 36. Kf2 1/2-1/2